Конституционно-правовой механизм применения норм международного права в зарубежных странах (Запись № 11667214)

Подробности
000 -МАРКЕР
контрольное поле 02623nam0a2200385 4500
001 - ИДЕНТИФИКАТОР ЗАПИСИ
контрольное поле RU\NLR\BIBL_A\012054231
005 - ИДЕНТИФИКАТОР ВЕРСИИ
контрольное поле 20250828140147.0
010 ## - МЕЖДУНАРОДНЫЙ СТАНДАРТНЫЙ НОМЕР КНИГИ (ISBN)
Номер (ISBN) 978-5-9228-2085-1
Тираж 500
021 ## - НОМЕР ГОСУДАРСТВЕННОЙ РЕГИСТРАЦИИ
Код страны Российская Федерация
Номер КН-П-19-042662
Номер Листа государственной регистраци КН-П-19-3126
035 ## - ДРУГИЕ СИСТЕМНЫЕ НОМЕРА
Идентификатор записи (NLR Aleph) 012054231
035 ## - ДРУГИЕ СИСТЕМНЫЕ НОМЕРА
Идентификатор записи (RuMoRGB)010007060
100 ## - ДАННЫЕ ОБЩЕЙ ОБРАБОТКИ
Данные общей обработки 20190708d2019 k y0rusy50 ca
101 0# - ЯЗЫК РЕСУРСА
Язык текста, звукозаписи и т.д. русский
102 ## - СТРАНА ПУБЛИКАЦИИ ИЛИ ПРОИЗВОДСТВА
Страна публикации Российская Федерация
105 ## - ПОЛЕ КОДИРОВАННЫХ ДАННЫХ: ТЕКСТОВЫЕ МАТЕРИАЛЫ, МОНОГРАФИЧЕСКИЕ
Кодированные данные о монографическом текстовом документе y|||zzzz000zy
200 1# - ЗАГЛАВИЕ И СВЕДЕНИЯ ОБ ОТВЕТСТВЕННОСТИ
Основное заглавие Конституционно-правовой механизм применения норм международного права в зарубежных странах
Сведения, относящиеся к заглавию монография
Первые сведения об ответственности [И. А. Ракитская, Ю. И. Лейбо, Е. Я. Павлов и др.]
Последующие сведения об ответственности под редакцией кандидата юридических наук, доцента К. В. Карпенко
-- Федеральное государственное автономное образовательное учреждение высшего образования "Московский государственный институт международных отношений (университет) Министерства иностранных дел Российской Федерации", Кафедра конституционного права
210 ## - ПУБЛИКАЦИЯ, РАСПРОСТРАНЕНИЕ И ДР.
Место издания, распространения и т.д. Москва
Имя издателя, распространителя и т. д. МГИМО-Университет
Дата издания, распространения и т.д. 2019
215 ## - ФИЗИЧЕСКАЯ ХАРАКТЕРИСТИКА
Специфическое обозначение материала и объем 300, [1] с.
Размеры 20
225 1# - СЕРИЯ
Основное заглавие серии Конституционное право зарубежных стран
320 ## - ПРИМЕЧАНИЯ О НАЛИЧИИ В ДОКУМЕНТЕ БИБЛИОГРАФИИ / УКАЗАТЕЛЯ
Текст примечания Библиогр. в конце кн.
606 1# - НАИМЕНОВАНИЕ ТЕМЫ КАК ПРЕДМЕТ
Наименование темы Международное право
Тематический подзаголовок Нормы
-- Применение
Географический подзаголовок Зарубежные страны
Системный номер авторитетной/нормативной записи 2432802
Идентификатор авторитетной/нормативной записи RU\NLR\AUTH\661447896
610 0# - НЕКОНТРОЛИРУЕМЫЕ ПРЕДМЕТНЫЕ ТЕРМИНЫ
Предметный термин нормы международного права
686 1# - ИНДЕКСЫ ДРУГИХ КЛАССИФИКАЦИЙ
Индекс Х91г(0)
701 #1 - ИМЯ ЛИЦА - АЛЬТЕРНАТИВНАЯ ОТВЕТСТВЕННОСТЬ
Графика поля Кириллица
Материалы, к которым относится поле rus
Начальный элемент ввода Ракитская
Часть имени, кроме начального элемента ввода И. А.
Расширение инициалов личного имени Инна Александровна
Системный номер авторитетной/нормативной записи 2674159
Идентификатор авторитетной/нормативной записи RU\NLR\AUTH\770283388
701 #1 - ИМЯ ЛИЦА - АЛЬТЕРНАТИВНАЯ ОТВЕТСТВЕННОСТЬ
Начальный элемент ввода Лейбо
Часть имени, кроме начального элемента ввода Ю. И.
Расширение инициалов личного имени Юрий Иванович
701 #1 - ИМЯ ЛИЦА - АЛЬТЕРНАТИВНАЯ ОТВЕТСТВЕННОСТЬ
Графика поля Кириллица
Материалы, к которым относится поле rus
Начальный элемент ввода Павлов
Часть имени, кроме начального элемента ввода Е. Я.
Дополнения к именам, кроме дат д-р юрид. наук
Расширение инициалов личного имени Евгений Яковлевич
Системный номер авторитетной/нормативной записи 190921
Идентификатор авторитетной/нормативной записи RU\NLR\AUTH\770190972
702 #1 - ИМЯ ЛИЦА - ВТОРИЧНАЯ ОТВЕТСТВЕННОСТЬ
Начальный элемент ввода Карпенко
Часть имени, кроме начального элемента ввода К. В.
Расширение инициалов личного имени Константин Викторович
Код отношения Редактор
712 02 - НАИМЕНОВАНИЕ ОРГАНИЗАЦИИ - ВТОРИЧНАЯ ОТВЕТСТВЕННОСТЬ
Код отношения Прочие
Начальный элемент ввода Московский государственный институт международных отношений
Структурное подразделение Кафедра конституционного права
Системный номер авторитетной/нормативной записи 544401
Идентификатор авторитетной/нормативной записи RU\NLR\AUTH\8810023186
942 ## - ДОПОЛНИТЕЛЬНЫЕ ЭЛЕМЕНТЫ ЗАПИСИ (АБИС)
Тип экземпляра АБИС Книга
980 ## - КОЛЛЕКЦИЯ
Название коллекции НБР
980 ## - КОЛЛЕКЦИЯ
Название коллекции Национальная библиография

Нет доступных экземпляров.